00866 a2200193 45000010006000000050017000060080041000230030015000640400040000790800033001192450029001520200022001812640038002033000019002415050261002601000024005217000028005458560099005734748020260407155741.0260407a1985 arg spa dAR-UNSa-BCEJYS aAR-UNSa-BCEJYSbspacAR-UNSa-BCEJYS a330.101.541xMacroeconomía10aExpectataivas racionales a978-84-206-2449-5 1aMadrid :bAlianza Editorialc1985 a217 p.c20 cm. a1. El concepto de expectativas racionales - 2. Inflación y desempleo - 3. Otras cuestiones macroeconómicas - 4. Mercados efectivos y expectativas racionales - 5. Modelos microeconómicos empíricos - 6. Las expectativas racionales en la práctica - 1 aSheffrin, Steven M.1 aSoria Gutiérrez, Rosa41uhttps://www.biblioeco.unsa.edu.ar/pmb/images/libros/L127521.jpgyImagen de portadaqimage/jpeg